[Event "IRL-ch 100th First Week"]
[Site "Dublin"]
[Date "2021.07.25"]
[Round "4"]
[White "Walsh, Conor"]
[Black "Stack, George"]
[Result "0-1"]
[WhiteElo "700"]
[BlackElo "700"]
[PlyCount "76"]
[EventDate "2021.07.23"]
[EventType "swiss"]
[EventRounds "5"]
[EventCountry "IRL"]
[SourceTitle "EXT 2022"]
[Source "ChessBase"]
[SourceDate "2021.10.06"]
[SourceVersion "1"]
[SourceVersionDate "2021.10.06"]
[SourceQuality "1"]

1. e4 e5 2. Nf3 Nc6 3. Bc4 Bc5 4. c3 Nf6 5. d4 exd4 6. cxd4 Bb4+ 7. Bd2 Bxd2+ 8. Nbxd2 d5 9. exd5 Nxd5 10. Qb3 Qe7+ 11. Be2 Be6 12. Qxb7 0-0 13. Qxc6 Nb4 14. Qc3 Bf5 15. Rc1 Nd3+ 16. Kf1 Nxc1 17. Qxc1 Rfe8 18. Ne5 f6 19. Bc4+ Be6 20. Nef3 Kh8 21. g3 Bh3+ 22. Kg1 g5 23. Bf1 Bf5 24. Bg2 Rad8 25. h3 g4 26. hxg4 Bxg4 27. Qc2 f5 28. Ne5 Qg7 29. f3 Rxd4 30. fxg4 Qxe5 31. Nf3 Qe3+ 32. Kh2 fxg4 33. Nh4 Rd3 34. Qxc7 Qe5 35. Qxe5+ Rxe5 36. Kg1 Ra5 37. Bc6 Rxa2 38. Rh2 Rd1+ 0-1